00242 a2200121 4500001000700000020000600007040001100013100000600024240003800030245003300068362000900101440001000110160796 a  cMagnum a-10aOs tres anoezinhos do bosquelpor10aOs tres anoezinhos do bosque0 a1899 1aGlobo